000 00362nam a2200145Ia 4500
008 230718s9999 xx 000 0 und d
041 _aEng.
082 _a891.93
_bنام-س
100 _aنام کا بچہ بھی
245 0 _aسری چھاپا
260 _aPakistan
_bسیٹ سیل پلی کشنتر
_c1993
300 _a110
650 _aLaw
999 _c28861
_d28861